|
|
|
|
| LEADER |
01654nam a2200325 a 4500 |
| 001 |
13815774 |
| 008 |
120119s2005 pauab b 001 0 eng |
| 010 |
|
|
|a 2004029660
|
| 020 |
|
|
|a 0781752159 (alk. paper)
|
| 020 |
|
|
|a 078177571x
|
| 040 |
|
|
|a DNLM/DLC
|c DLC
|d YDX
|d NLM
|d BAKER
|d DLC
|d BD-DhAAL
|
| 042 |
|
|
|a pcc
|
| 050 |
0 |
0 |
|a RA652.2.C55
|b F57 2005
|
| 082 |
0 |
0 |
|a 614.4
|2 22
|
| 100 |
1 |
|
|a Fletcher, Robert H.
|
| 245 |
1 |
0 |
|a Clinical epidemiology :
|b the essentials /
|c Robert H. Fletcher, Suzanne W. Fletcher.
|
| 250 |
|
|
|a 4th ed.
|
| 260 |
|
|
|a Philadelphia :
|b Lippincott Williams & Wilkins,
|c c2005.
|
| 300 |
|
|
|a xv, 252 p. :
|b col. ill., col. map ;
|c 26 cm.
|
| 504 |
|
|
|a Includes bibliographical references and index.
|
| 541 |
|
|
|e 00024330
|
| 505 |
0 |
|
|a The scentific basis for clinical medicine -- Abnormality -- Diagnosis -- Frequency -- Risk, looking forward -- Risk, looking backward -- Prognosis -- Treatment -- Prevention -- Chance -- Cause -- Systematic reviews -- Knowledge management.
|
| 650 |
|
0 |
|a Clinical epidemiology.
|
| 650 |
1 |
2 |
|a Epidemiologic Methods.
|
| 700 |
1 |
|
|a Fletcher, Suzanne W.
|
| 852 |
1 |
|
|a James P Grant School of Public Health
|c General Shelf.
|
| 999 |
|
|
|c 11783
|d 11783
|
| 952 |
|
|
|0 0
|1 0
|2 ddc
|4 0
|6 614_400000000000000_FLE
|7 0
|9 19209
|a JPGSPH
|b JPGSPH
|c GEN
|d 2012-01-18
|l 0
|o 614.4 FLE
|p 3060024330
|r 2012-01-19
|t 1
|w 2012-01-19
|y BK
|
| 952 |
|
|
|0 0
|1 0
|2 ddc
|4 0
|6 614_400000000000000_FLE
|7 0
|9 19210
|a JPGSPH
|b JPGSPH
|c GEN
|d 2012-01-18
|l 0
|o 614.4 FLE
|p 3060024331
|r 2012-01-19
|t 2
|w 2012-01-19
|y BK
|
| 952 |
|
|
|0 0
|1 0
|2 ddc
|4 0
|6 614_400000000000000_FLE
|7 0
|9 21490
|a JPGSPH
|b JPGSPH
|c GEN
|d 2012-12-03
|l 0
|o 614.4 FLE
|p 3060026296
|r 2012-12-03
|t 3
|w 2012-12-03
|y BK
|